<?xml version="1.0" encoding="UTF-8"?>
<record
    xmlns:xsi="http://www.w3.org/2001/XMLSchema-instance"
    xsi:schemaLocation="http://www.loc.gov/MARC21/slim http://www.loc.gov/standards/marcxml/schema/MARC21slim.xsd"
    xmlns="http://www.loc.gov/MARC21/slim">

  <leader>00369nam a22001457a 4500</leader>
  <controlfield tag="005">20250918152237.0</controlfield>
  <controlfield tag="008">250918b        |||||||| |||| 00| 0 eng d</controlfield>
  <datafield tag="041" ind1=" " ind2=" ">
    <subfield code="a">Eng.</subfield>
  </datafield>
  <datafield tag="100" ind1=" " ind2=" ">
    <subfield code="a">Pawar, K. R. &amp; Desai A. E.</subfield>
    <subfield code="9">213221</subfield>
  </datafield>
  <datafield tag="245" ind1=" " ind2=" ">
    <subfield code="a">Public Health and Hygiene ( T )    ( S.Y.B.Sc. )</subfield>
  </datafield>
  <datafield tag="250" ind1=" " ind2=" ">
    <subfield code="a">1st ed.</subfield>
  </datafield>
  <datafield tag="260" ind1=" " ind2=" ">
    <subfield code="a">Pune</subfield>
    <subfield code="b">Nirali</subfield>
  </datafield>
  <datafield tag="300" ind1=" " ind2=" ">
    <subfield code="a">6.20</subfield>
  </datafield>
  <datafield tag="942" ind1=" " ind2=" ">
    <subfield code="c">BK</subfield>
  </datafield>
  <datafield tag="999" ind1=" " ind2=" ">
    <subfield code="c">367858</subfield>
    <subfield code="d">367858</subfield>
  </datafield>
  <datafield tag="952" ind1=" " ind2=" ">
    <subfield code="0">0</subfield>
    <subfield code="1">0</subfield>
    <subfield code="2">ddc</subfield>
    <subfield code="4">0</subfield>
    <subfield code="7">0</subfield>
    <subfield code="a">SSMM</subfield>
    <subfield code="b">SSMM</subfield>
    <subfield code="d">2025-09-18</subfield>
    <subfield code="e">Nirali</subfield>
    <subfield code="g">90.00</subfield>
    <subfield code="i">P 72667</subfield>
    <subfield code="l">1</subfield>
    <subfield code="p">SSMM-BK-32829</subfield>
    <subfield code="r">2025-11-29 12:59:10</subfield>
    <subfield code="s">2025-11-28</subfield>
    <subfield code="w">2025-09-10</subfield>
    <subfield code="y">BK</subfield>
    <subfield code="z">010032829</subfield>
  </datafield>
  <datafield tag="952" ind1=" " ind2=" ">
    <subfield code="0">0</subfield>
    <subfield code="1">0</subfield>
    <subfield code="2">ddc</subfield>
    <subfield code="4">0</subfield>
    <subfield code="7">0</subfield>
    <subfield code="a">SSMM</subfield>
    <subfield code="b">SSMM</subfield>
    <subfield code="d">2025-09-18</subfield>
    <subfield code="e">Nirali</subfield>
    <subfield code="g">90.00</subfield>
    <subfield code="i">P 72667</subfield>
    <subfield code="l">0</subfield>
    <subfield code="p">SSMM-BK-32830</subfield>
    <subfield code="r">2025-09-18 15:23:00</subfield>
    <subfield code="w">2025-09-10</subfield>
    <subfield code="y">BK</subfield>
    <subfield code="z">010032830</subfield>
  </datafield>
</record>
